000 00453nam a2200193Ia 4500
003 OSt
005 20250902100553.0
008 250729s2004 xx 000 0 und d
020 _a978-8176487849
040 _cAL
041 _aeng
082 _a155 MOHC
100 _aMohamed Jaffer
_9222377
245 _aChild psychology
260 _aNew Delhi
_bA P H Publishing
_c2004
300 _a253p
650 _aPsychology
_9222378
942 _2ddc
_cBED
999 _c235434
_d235434